| 000 | 00523nmm a2200181Ia 4500 | ||
|---|---|---|---|
| 008 | 251105s9999||||xx |||||||||||||||||und|| | ||
| 041 | _aspa | ||
| 100 | _aDelafield, E.M. | ||
| 245 | 0 | _aDiario de una dama de provincias | |
| 264 |
_a[Madrid, España] : _bLibros del asteroide, _c2013 |
||
| 300 | _a216 páginas | ||
| 490 | _aLibros del Asteroide | ||
| 650 | _aEnglish Narrative | ||
| 700 | _aDelafield, E.M. | ||
| 700 | 1 | _a Antón, Patricia | |
| 856 | _uhttps://public.digitaliapublishing.com/a/33366 | ||
| 942 | _cCF | ||
| 999 |
_c64634 _d64634 |
||